000 nam a22 7a 4500
999 _c8687
_d8687
008 180119b ||||| |||| 00| 0 eng d
100 _aMukheriji.S.etal.
_95048
245 _aOur World then and Now
260 _aNew Delhi
_bBharathi
_c2008